Click quiz - Genshin Impact characters - Statistics

General Stats
  • This quiz has been taken 255 times
  • The average score is 82 of 100
Answer Stats
Hint Answer % Correct
Shogun Raiden
90%
Benett
86%
Xiao
86%
Yae Miko
85%
Keqing
85%
Baizhu
85%
Furina
85%
Zhongli
85%
Qiqi
85%
Noelle
84%
Klee
84%
Diluc
84%
Beidou
84%
Yumemizuki Mizuki
84%
Amber
83%
Barbara
83%
Yanfei
83%
Clorinde
83%
Sayu
83%
Candace
83%
Thoma
83%
Fischl
83%
Faruzan
83%
Xiangling
83%
Dori
83%
Nilou
83%
Arataki Itto
83%
Collei
83%
Razor
83%
Nahida
83%
Kaeya
83%
Kuki Shinobu
83%
Yaoyao
82%
Childe
82%
Hu Tao
82%
Ororon
82%
Alhaitham
82%
Shikanoin Heizou
82%
Mavuika
82%
Eula
82%
Shenhe
82%
Neuvillette
82%
Venti
82%
Emilie
82%
Cyno
82%
Tighnari
82%
Gorou
82%
Layla
82%
Rosaria
82%
Ningguang
82%
Varesa
82%
Ganyu
82%
Traveller (Lumine/Aether)
82%
Navia
82%
Lan Yan
81%
Mona
81%
Lynette
81%
Iansan
81%
Xilonen
81%
Skirk
81%
Arlecchino
81%
Kaveh
81%
Albedo
81%
Lisa
81%
Sucrose
81%
Yoimiya
81%
Ifa
81%
Gaming
81%
Jean
81%
Dehya
81%
Chongyun
81%
Xinyan
81%
Diona
81%
Aloy
81%
Sethos
81%
Escoffier
81%
Kachina
81%
Chevreuse
81%
Kujou Sara
81%
Wriothesley
81%
Sangonomiya Kokomi
81%
Yelan
80%
Kinich
80%
Mualani
80%
Kamisato Ayaka
80%
Kirara
80%
Kaedehara Kazuha
80%
Citatli
80%
Sigewinne
80%
Chiori
80%
Freminet
80%
Lyney
79%
Mika
79%
Yun Jin
79%
Chasca
79%
Xingqiu
79%
Charlotte
78%
Kamisato Ayato
75%
Xianyun
74%
Nomade
63%
No matching quizzes found
Score Distribution
Percent of People with Each Score
Percentile by Number Answered
Your Score History
You have not taken this quiz